60 χρόνια Ηνωμένα Έθνη : προκλήσεις και προοπτικές
Αποθηκεύτηκε σε:
| Συλλογικό Έργο: | , , |
|---|---|
| Άλλοι συγγραφείς: | |
| Μορφή: | Βιβλίο |
| Γλώσσα: | Greek English |
| Δημοσίευση: |
Αθήνα; Κομοτηνή :
Σάκκουλας,
2006
|
| Θέματα: | |
| Ετικέτες: |
Προσθήκη ετικέτας
Δεν υπάρχουν, Καταχωρήστε ετικέτα πρώτοι!
|
MARC
| LEADER | 00000nam a2200000 i 4500 | ||
|---|---|---|---|
| 001 | 1/46572 | ||
| 008 | 070621s2006 gre d | ||
| 020 | |a 960-15-1613-1 | ||
| 035 | |l 10088410 | ||
| 040 | |a GR-MY-UA |b gre |e aacr | ||
| 041 | 0 | |a gre |h eng | |
| 082 | 0 | |a 341.23 |2 (22) | |
| 245 | 1 | 0 | |a 60 χρόνια Ηνωμένα Έθνη : |b προκλήσεις και προοπτικές / |c επιμέλεια Στέλιος Περράκης ; Ελληνική Εταιρεία Διεθνούς Δικαίου και Διεθνών Σχέσεων ; Ελληνικό Κέντρο Ευρωπαϊκών Μελετών ; Περιφερειακό Κέντρο Πληροφοριών Ηνωμένων Εθνών |
| 246 | 3 | 3 | |a Εξήντα χρόνια Ηνωμένα Έθνη |
| 260 | |a Αθήνα; Κομοτηνή : |b Σάκκουλας, |c 2006 | ||
| 300 | |a 169 σ.; |c 24 εκ. | ||
| 500 | |a Περιέχει κείμενο στα αγγλικά | ||
| 504 | |a Περιέχει βιβλιογραφικές παραπομπές | ||
| 610 | 2 | 0 | |a United Nations. |
| 700 | 1 | |a Περράκης, Στέλιος Ε., |d 1948- |4 edt | |
| 710 | 2 | |a Ελληνική Εταιρεία Διεθνούς Δικαίου και Διεθνών Σχέσεων. | |
| 710 | 2 | |a Ελληνικό Κέντρο Ευρωπαϊκών Μελετών. | |
| 710 | 2 | |a Περιφερειακό Κέντρο Πληροφοριών Ηνωμένων Εθνών. | |
| 852 | |a INST |b LESVOS |e 20070621 |h 341.23 ΧΡΟ |p 005100038039 |q 005100038039 |t BK |y 0 | ||
| 901 | |a BIBL1-2007-2 | ||
| 909 | |a Λ |b 135269 | ||
| 922 | |a 1ΕΛΗ |b 200705 |c ΕΠΕΑΕΚ2/ΤΚ |d Σ. ΠΑΤΑΚΗΣ | ||
| 970 | |a ΚΑΡΑ |b ΓΙΑΣΕΜΗ |z 2007/06/21 | ||